Rosa Parks : (Record no. 615854)

MARC details
000 -LEADER
fixed length control field 00457nam a2200181 a 4500
008 - FIXED-LENGTH DATA ELEMENTS--GENERAL INFORMATION
fixed length control field 260225s2007##################000#0#eng##
020 ## - INTERNATIONAL STANDARD BOOK NUMBER
ISBN 9780791095232
082 04 - DEWEY DECIMAL CLASSIFICATION NUMBER
Classification number 323.092
Item number HUL
100 1# - MAIN ENTRY--AUTHOR NAME
Personal name Hull, Mary,
245 10 - TITLE STATEMENT
Title Rosa Parks :
260 ## - PUBLICATION, DISTRIBUTION, ETC. (IMPRINT)
Name of publisher Chelsea House,
Year of publication 2007.
650 #0 - SUBJECT ADDED ENTRY--TOPICAL TERM
Topical Term African Americans.
942 ## - ADDED ENTRY ELEMENTS (KOHA)
Koha item type English Books
Holdings
Withdrawn status Lost status Damaged status Not for loan Home library Current library Shelving location Date acquired Full call number Accession Number Price effective from Koha item type
        Anna Centenary Library Anna Centenary Library 3RD FLOOR, B WING 25.02.2026 323.092 HUL 438269 25.02.2026 English Books

Find us on the map